| 000 | 00735nam a2200241Ia 4500 | ||
|---|---|---|---|
| 003 | OSt | ||
| 005 | 20220925205811.0 | ||
| 006 | a|||||r|||| 00| 0 | ||
| 007 | ta | ||
| 008 | 220923b |||||||| |||| 00| 0 eng d | ||
| 037 | _cGeneral Book | ||
| 040 |
_aRTL _cRTL _beng |
||
| 041 |
_2eng _aeng |
||
| 082 | _aL:5.218,N63s, K6/GD | ||
| 110 |
_aAndhra Pradesh Public Health (Deptt of-) _9271050 |
||
| 245 | 0 | _aBrochue on vital statistics for 1963 | |
| 260 |
_aHyderabad _bAndhra Pradesh Public Health India _c1966 |
||
| 300 |
_a94p. _ccm. |
||
| 650 |
_aMedicine _94387 |
||
| 700 |
_aAndhra Pradesh Public Health (Deptt of-) _9271051 |
||
| 942 |
_hL:5.218,N63s, K6/GD _cGB _2CC |
||
| 999 |
_c553248 _d553248 |
||